• 首页
  • 本馆介绍
  • 公告通知
  • 最新文献
  • 馆藏检索
  • 电子资源
  • 读者导购
  • 参考咨询
  • 我的图书馆
  • 登录
  • 详细信息显示
  • 放入我的书架
  • 预约/预借图书
  • 作者相关作品
  • 分类相关作品
  • 丛书相关作品
  • 出版社相关作品

书目信息

  • 表格格式
  • 工作单格式
  • 卡片格式
题名:
东盟的今天与明天
    
 
作者: 陆建人 主编
分册:  
出版信息: 北京   经济管理出版社  1999.08
页数: 358页
开本: 32开
丛书名:
单 册:
中图分类: D814.1
科图分类:
主题词: 国际关系
电子资源:
ISBN: 7-80118-853-5
000 00783nam0 2200217 45
001 0204231095
005 20031219104055.0
010    @a7-80118-853-5@dCNY20.00
100    @a20020423d1999 km y0chiy0120 ea
101 0  @achi
105    @a z 000yy
200 1  @a东盟的今天与明天@ADong Meng De Jin Tian Yu Ming Tian@e东盟的发展趋势及其在亚太的地位@EDong Meng De Fa Zhan Qu Shi Ji Qi Zai Ya Tai De Di Wei@f陆建人主编@FLu Jian Ren Zhu Bian
210    @a北京@c经济管理出版社@d1999.08
215    @a358页@d32开
517    @a东盟的发展趋势及其在亚太的地位@ADong Meng De Fa Zhan Qu Shi Ji Qi Zai Ya Tai De Di Wei
606 0  @a国际关系
607    @a东南亚国家联盟@x研究
690    @aD814.1@v4
701    @a陆建人@4主编
801    @aCN@bTSTC@c20020423
905    @b309098-099@dD814.1@e40@f2
    
    东盟的今天与明天:东盟的发展趋势及其在亚太的地位/陆建人主编.-北京:经济管理出版社,1999.08
    358页;32开
    
    
    ISBN 7-80118-853-5:CNY20.00
    
●
相关链接 在E读中查询图书 在五车中查询图书 在当当中查询图书 在豆瓣中查询图书


正题名:东盟的今天与明天     索取号:D814.1/40         预约/预借

序号 登录号 条形码 馆藏地/架位号 状态 备注
1 0309098   203090984   第一借阅区/ [索取号:D814.1/40] 在馆    
2 0309099   203090993   第一样本阅览室/ [索取号:D814.1/40] 在馆    
唐山师范学院图书馆 欢迎您!
大连网信软件有限公司© 版权所有